Toán học rời rạc ứng dụng trong tin học

Đã lưu trong:
Chi tiết về thư mục
Tác giả chính: Roossen, Kenneth H
Định dạng: Sách
Được phát hành: Nxb Tp.HCM 2000
Các nhãn: Thêm thẻ
Không có thẻ, Là người đầu tiên thẻ bản ghi này!
Thư viện lưu trữ: Mạng thư viện Đại học Đà Nẵng
LEADER 00571nam a2200229 a 4500
001 000028948
003 9873
005 20171030145630.0
008 171030s2000
020 |c 100000 
040 |a LTT 
082 0 |a 005,131  |b RO-K 
100 1 |a Roossen, Kenneth H 
245 0 0 |a Toán học rời rạc ứng dụng trong tin học  |c Kenneth H. Roossen. 
260 |b Nxb Tp.HCM  |c 2000 
OWN |a LTT 
999 |a From the UDN01 
TYP |a Monograph 
TYP |a Printed language 
980 |a Mạng thư viện Đại học Đà Nẵng